| 000 | 00545nam a22001697a 4500 | ||
|---|---|---|---|
| 082 |
_a628.1 _bPUB _cL-23, P-11 |
||
| 100 |
_aP.W.D Punjab _944245 |
||
| 245 |
_aRasul Manual no-5 for subordinate engineer water supply _cP.W.D Punjab |
||
| 260 |
_aLahore _bSuperintendent govt printing punjab _c1954 |
||
| 300 |
_aiii, p- _bill |
||
| 526 |
_a0 _b0 _c0 _d628_100000000000000_PUB |
||
| 526 |
_a0 _b0 _c0 _d628_100000000000000_PUB |
||
| 526 |
_a0 _b0 _c0 _d628_100000000000000_PUB |
||
| 650 |
_aMCE _9379 |
||
| 700 |
_aP.W.D Punjab _944245 |
||
| 942 |
_2ddc _cBK |
||
| 999 |
_c548083 _d548083 |
||